Top 20 States With The Most Tornadoes In The U.S. - Statistics

General Stats
  • This quiz has been taken 108 times
  • The average score is 17 of 20
Answer Stats
Hint Answer % Correct
96 Kansas
97%
155 Texas
97%
62 Oklahoma
94%
44 Alabama
89%
66 Florida
89%
37 Louisiana
89%
45 Missouri
89%
51 Iowa
87%
43 Mississippi
87%
39 Arkansas
86%
54 Illinois
86%
57 Nebraska
86%
26 Tennessee
86%
36 South Dakota
84%
53 Colorado
83%
30 Georgia
83%
32 North Dakota
81%
31 North Carolina
77%
27 South Carolina
77%
45 Minnesota
73%
No matching quizzes found
Score Distribution
Percent of People with Each Score
Percentile by Number Answered
Your Score History
You have not taken this quiz